Galéria
Gespeichert in:
| 1. Verfasser: | |
|---|---|
| Weitere Verfasser: | |
| Format: | Manuskript Buch |
| Sprache: | Slowakisch |
| Veröffentlicht: |
Bratislava
2015
|
| Schlagworte: | |
| Online-Zugang: | http://is.stuba.sk/zp/portal_zp.pl?podrobnosti=110780 |
| Tags: |
Keine Tags, Fügen Sie das erste Tag hinzu!
|
MARC
| LEADER | 00000ntm a22000003a 4500 | ||
|---|---|---|---|
| 001 | stuzp51882 | ||
| 003 | SK-STU | ||
| 005 | 20210301110758.1 | ||
| 007 | ta | ||
| 008 | 150427s2015----xo-----f-mn---000-0-slo-d | ||
| 040 | |a STU |b slo | ||
| 041 | 0 | |a slo | |
| 100 | 1 | |a Lacová, Silvia, |d 1989- |u 052120 |4 aut |U FAD Fakulta architektúry |T FA Ústav ekologickej a experimentálnej architektúry |X 68009 |U A2120 |Y 393 |7 A000068009 | |
| 242 | 0 | 1 | |a Gallery |y eng |
| 245 | 1 | 0 | |a Galéria |
| 260 | |c 2015 |a Bratislava | ||
| 650 | 4 | |a Chorvátske rameno |2 slo | |
| 650 | 4 | |a centrum |2 slo | |
| 650 | 4 | |a Petržalka |2 slo | |
| 650 | 4 | |a Petržalka |2 eng | |
| 650 | 4 | |a center |2 eng | |
| 650 | 4 | |a Croatian arm |2 eng | |
| 700 | 1 | |a Šíp, Lukáš, |d 1983- |4 ths |X 29145 |7 A000029145 | |
| 856 | 4 | |u http://is.stuba.sk/zp/portal_zp.pl?podrobnosti=110780 |u https://opac.crzp.sk/?fn=detailBiblioForm&sid=E75B5E22D326BA6A98A696CFFF20 | |
| SQL | |a stuzp51882 |b DDP |c SLO |d Galéria |e 68009 |f Lacová, Silvia |g 052120 |h 29145 |i Šíp, Lukáš |j 20150604 |k 153 |l 05 |m http://is.stuba.sk/zp/portal_zp.pl?podrobnosti=110780 |n I-ARCH |o 5.1.1. architektúra a urbanizmus | ||